[Event "Festival Carnevale d'Europa"]
[Site "Cento ITA"]
[Date "2011.02.05"]
[Round "1"]
[White "Rozentalis, Eduardas"]
[Black "Brunello, Marina"]
[WhiteElo "2588"]
[BlackElo "2155"]
[Result "0-1"]
[PlyCount "100"]
[EventDate "2011.02.05"]

1. e4 c5 2. Nf3 d6 3. d4 cxd4 4. Qxd4 Nc6 5. Bb5 Bd7 6. Bxc6 Bxc6 7. c4 Nf6 8.
Nc3 e6 9. O-O Be7 10. b3 O-O 11. Bb2 Qa5 12. Rfe1 Rfd8 13. Rad1 a6 14. Qd2 Qc7
15. Nd4 Rab8 16. Qd3 Bf8 17. Qg3 Nd7 18. f4 b5 19. cxb5 axb5 20. Rc1 Qb6 21.
Qf2 Nc5 22. Nxc6 Qxc6 23. Re3 Qa6 24. Qe2 d5 25. exd5 exd5 26. Rg3 d4 27. Nd1
Re8 28. Qh5 Re1+ 29. Kf2 Rbe8 30. Rxc5 Bxc5 31. Qxc5 Rxd1 32. Qc2 Ree1 33. Rg5
f6 34. Rc5 Qd6 35. Rc8+ Kf7 36. Qc7+ Qxc7 37. Rxc7+ Re7 38. Rxe7+ Kxe7 39. Ke2
Rg1 40. Kf2 d3 41. Bc3 Rh1 42. h3 Kd6 43. Ke3 Rg1 44. Kf2 Rd1 45. Ke3 Kd5 46.
Bd2 Rg1 47. Kf2 Ra1 48. Ke3 Rxa2 49. Kxd3 f5 50. h4 Rb2 0-1

[Event "Festival Carnevale d'Europa"]
[Site "Cento ITA"]
[Date "2011.02.05"]
[Round "1"]
[White "Solomon, Kenny"]
[Black "Setti, Roberto"]
[WhiteElo "2425"]
[BlackElo "1939"]
[Result "1-0"]
[PlyCount "57"]
[EventDate "2011.02.05"]

1. d4 e6 2. c4 b6 3. Nc3 f5 4. Nf3 Nf6 5. d5 Be7 6. g3 O-O 7. Bg2 Bb7 8. O-O
Na6 9. Bf4 Nh5 10. Be3 Nc5 11. Qc2 Nf6 12. Rad1 Qc8 13. Nd4 a5 14. b3 Na6 15.
Qc1 Ng4 16. Bg5 Bxg5 17. Qxg5 Rf6 18. dxe6 Bxg2 19. exd7 Qb7 20. Ne6 g6 21.
d8=Q+ Rxd8 22. Nxd8 Qa8 23. Rfe1 Bh1 24. f3 Bxf3 25. exf3 Qxf3 26. Qd2 Rd6 27.
Re8+ Kg7 28. Nd5 Nc5 29. Qc3+ 1-0

[Event "Festival Carnevale d'Europa"]
[Site "Cento ITA"]
[Date "2011.02.05"]
[Round "1"]
[White "Umudova, Nargiz"]
[Black "Carletti, Davide M."]
[WhiteElo "2246"]
[BlackElo "1702"]
[Result "1-0"]
[PlyCount "93"]
[EventDate "2011.02.05"]

1. e4 e5 2. Nf3 Nc6 3. Bb5 a6 4. Ba4 Nf6 5. Qe2 b5 6. Bb3 Bc5 7. O-O d6 8. d3
Bg4 9. c3 h6 10. h3 Bh5 11. Nbd2 O-O 12. Rd1 Re8 13. g4 Bg6 14. Nf1 d5 15. Ng3
dxe4 16. dxe4 Qc8 17. Nh4 Kh7 18. Kh2 Rd8 19. Nhf5 Rxd1 20. Bxd1 Ne7 21. Bb3
Qe8 22. Qf3 Qc6 23. Be3 Bxf5 24. gxf5 Bxe3 25. fxe3 Rf8 26. Rd1 a5 27. a3 Qb7
28. Bd5 c6 29. Bb3 b4 30. cxb4 axb4 31. a4 c5 32. Rc1 Qb6 33. Qe2 Nc6 34. Nh5
Nxh5 35. Qxh5 Qa7 36. Bd5 Na5 37. f6 g6 38. Qxe5 c4 39. Qg3 Qa6 40. e5 Nb3 41.
Bxc4 Qxa4 42. Rg1 Nd2 43. Bxf7 Nf1+ 44. Rxf1 Rxf7 45. e6 Rf8 46. Qc7+ Kh8 47.
Qg7# 1-0

[Event "Festival Carnevale d'Europa"]
[Site "Cento ITA"]
[Date "2011.02.05"]
[Round "1"]
[White "Urosevic, Goran"]
[Black "Castelli, Antonio"]
[WhiteElo "2228"]
[BlackElo "1684"]
[Result "1-0"]
[PlyCount "47"]
[EventDate "2011.02.05"]

1. d4 d5 2. Nf3 Nc6 3. c4 Nf6 4. cxd5 Qxd5 5. Nc3 Qd8 6. d5 Nb8 7. e4 a6 8. e5
Ng8 9. Bc4 e6 10. O-O exd5 11. Bxd5 Nc6 12. Qb3 Be6 13. Bxe6 fxe6 14. Qxe6+ Qe7
15. Qb3 O-O-O 16. Bg5 Nd4 17. Nxd4 Qxg5 18. Ne6 Qxe5 19. Rfe1 Qf5 20. Nxd8 Kxd8
21. Rad1+ Bd6 22. Ne4 Qb5 23. Nxd6 Qxb3 24. Nf7+ 1-0

[Event "Festival Carnevale d'Europa"]
[Site "Cento ITA"]
[Date "2011.02.05"]
[Round "1"]
[White "Valenti, Giuseppe"]
[Black "Brunello, Sabino"]
[WhiteElo "2133"]
[BlackElo "2540"]
[Result "0-1"]
[PlyCount "50"]
[EventDate "2011.02.05"]

1. f4 e5 2. e4 exf4 3. Nf3 d5 4. exd5 Nf6 5. Nc3 Nxd5 6. Bc4 c6 7. O-O Be6 8.
Qe2 Be7 9. d4 g5 10. Kh1 Nd7 11. Ne4 h5 12. Bb3 b5 13. a4 b4 14. Bd2 h4 15. Ne5
Nxe5 16. dxe5 Qc7 17. c4 bxc3 18. bxc3 h3 19. c4 Ne3 20. Bxe3 fxe3 21. Nf6+
Bxf6 22. exf6 hxg2+ 23. Qxg2 g4 24. Kg1 O-O-O 25. Rad1 e2 0-1

[Event "Festival Carnevale d'Europa"]
[Site "Cento ITA"]
[Date "2011.02.06"]
[Round "2"]
[White "Albinelli, Alberto"]
[Black "Lapenna, Antonio"]
[WhiteElo "1817"]
[BlackElo "2137"]
[Result "0-1"]
[PlyCount "68"]
[EventDate "2011.02.05"]

1. d4 Nf6 2. Nf3 g6 3. c4 Bg7 4. g3 O-O 5. Bg2 c6 6. O-O d6 7. Nc3 Nbd7 8. e4
e5 9. d5 Nc5 10. Qc2 cxd5 11. cxd5 a5 12. Be3 b6 13. h3 Ba6 14. Rfd1 Rc8 15.
Ne1 Qd7 16. Rac1 Nh5 17. Kh2 f5 18. exf5 gxf5 19. Bg5 b5 20. Qd2 Nf6 21. Bh4 b4
22. Ne2 Nfe4 23. Bxe4 fxe4 24. Ng1 Qf7 25. Kg2 Nd3 26. Nxd3 exd3 27. Rxc8 Qxd5+
28. f3 Rxc8 29. Qg5 Bb7 30. Qg4 Rf8 31. Rd2 e4 32. fxe4 Qxe4+ 33. Qxe4 Bxe4+
34. Kh2 Bh6 0-1

[Event "Festival Carnevale d'Europa"]
[Site "Cento ITA"]
[Date "2011.02.06"]
[Round "2"]
[White "Ansell, Simon T."]
[Black "Arnetta, Maria Teresa"]
[WhiteElo "2423"]
[BlackElo "2071"]
[Result "1-0"]
[PlyCount "83"]
[EventDate "2011.02.05"]

1. d4 d5 2. c4 dxc4 3. Nf3 Nf6 4. e3 a6 5. Bxc4 b5 6. Bd3 Bb7 7. O-O Nbd7 8.
Qe2 c5 9. e4 cxd4 10. e5 Bxf3 11. gxf3 Ng8 12. a4 Qa5 13. b4 Qc7 14. axb5 e6
15. bxa6 Bxb4 16. Ba3 Bxa3 17. Nxa3 Qxe5 18. Qxe5 Nxe5 19. Nb5 Nf6 20. Nc7+ Ke7
21. Nxa8 Rxa8 22. Be4 Nd5 23. Bxd5 exd5 24. Rfb1 Nxf3+ 25. Kg2 Ne5 26. Rb7+ Nd7
27. a7 d3 28. Kf3 Kd8 29. Rb5 Kc7 30. Rxd5 Kc6 31. Rda5 f6 32. Ke3 Ne5 33. R5a2
g5 34. Ke4 h5 35. Ra6+ Kb7 36. Rxf6 Nc6 37. Rb1+ Kc7 38. Rc1 d2 39. Rcxc6+ Kb7
40. Rcd6 Re8+ 41. Kf3 g4+ 42. Kg2 1-0

[Event "Festival Carnevale d'Europa"]
[Site "Cento ITA"]
[Date "2011.02.06"]
[Round "2"]
[White "Baldazzi, Stefano"]
[Black "Jakovljevic, Vlado"]
[WhiteElo "2180"]
[BlackElo "2394"]
[Result "0-1"]
[PlyCount "144"]
[EventDate "2011.02.05"]

1. c4 Nf6 2. g3 c6 3. Nf3 d5 4. b3 Bg4 5. Bb2 Nbd7 6. Bg2 e6 7. O-O Bd6 8. d3
O-O 9. Nbd2 a5 10. h3 Bh5 11. e4 dxe4 12. dxe4 e5 13. g4 Bg6 14. Nh4 Re8 15.
Qe2 Nc5 16. Rad1 Ne6 17. Nxg6 hxg6 18. Nf3 Qe7 19. Qc2 Nf4 20. c5 Bc7 21. Bc1
Nd7 22. Be3 Nf8 23. a3 N8e6 24. Rfe1 g5 25. Bf1 Rad8 26. b4 axb4 27. axb4 Qf6
28. Bxf4 Qxf4 29. Bg2 Nd4 30. Nxd4 exd4 31. Rd3 Qf6 32. Qc4 Be5 33. Ra1 Ra8 34.
Rda3 Rxa3 35. Rxa3 Rd8 36. Rf3 Qe7 37. Ra3 g6 38. Bf1 Kg7 39. Qd3 Qf6 40. Qf3
Qe6 41. Bd3 Rb8 42. Qe2 Qf6 43. Bc4 Qf4 44. Qd3 Re8 45. Ba2 Bf6 46. Ra7 Re7 47.
Kg2 Be5 48. Qf3 d3 49. Qxf4 Bxf4 50. Bb3 Kf6 51. Kf3 Bd2 52. b5 cxb5 53. Bd5
Bf4 54. Rxb7 Rxb7 55. Bxb7 d2 56. Ke2 Ke5 57. c6 Kd6 58. c7 Kxc7 59. Bd5 f6 60.
e5 fxe5 61. Be4 Kd6 62. f3 Kc5 63. Kd1 Kb4 64. Bd3 Ka4 65. Kc2 b4 66. Be2 Ka3
67. Kb1 Kb3 68. Bd1+ Kc3 69. Be2 Kd4 70. Kc2 Ke3 71. Kd1 Kf2 72. Bd3 Kxf3 0-1

[Event "Festival Carnevale d'Europa"]
[Site "Cento ITA"]
[Date "2011.02.06"]
[Round "2"]
[White "Bonetti, Carlo"]
[Black "Rozentalis, Eduardas"]
[WhiteElo "1915"]
[BlackElo "2588"]
[Result "0-1"]
[PlyCount "54"]
[EventDate "2011.02.05"]

1. e4 e5 2. Nf3 Nc6 3. Bc4 Be7 4. d4 exd4 5. O-O d6 6. c3 Nf6 7. cxd4 Nxe4 8.
d5 Ne5 9. Nxe5 dxe5 10. Re1 Nd6 11. Bd3 f6 12. Qh5+ Nf7 13. Nc3 g6 14. Qd1 O-O
15. Bd2 f5 16. Rc1 a6 17. Qb3 Bd6 18. a4 e4 19. Bb1 Ne5 20. Ne2 Qf6 21. Nf4 Kh8
22. Nh3 a5 23. Bh6 Re8 24. Bg5 Qg7 25. Nf4 h6 26. Qh3 Nf7 27. Bh4 Bxf4 0-1

[Event "Festival Carnevale d'Europa"]
[Site "Cento ITA"]
[Date "2011.02.06"]
[Round "2"]
[White "Borgo, Giulio"]
[Black "Zoldan, Matteo"]
[WhiteElo "2401"]
[BlackElo "2195"]
[Result "1-0"]
[PlyCount "79"]
[EventDate "2011.02.05"]

1. e4 c5 2. Ne2 d6 3. g3 g6 4. Bg2 Bg7 5. O-O Nf6 6. c3 O-O 7. d4 Nc6 8. h3 e5
9. Be3 Qe7 10. Nd2 b6 11. Re1 Ne8 12. f4 exd4 13. cxd4 Nxd4 14. Nxd4 cxd4 15.
Bf2 Bb7 16. Nb3 d3 17. Bd4 Ba6 18. Rc1 Rd8 19. Bf1 Nf6 20. Bxd3 Bxd3 21. Qxd3
Rfe8 22. Nd2 d5 23. Bxf6 Qxf6 24. e5 Qe6 25. Kg2 Bf8 26. Nf3 d4 27. a3 Rd7 28.
Rc4 Red8 29. Re4 a5 30. g4 Bc5 31. b4 axb4 32. axb4 Be7 33. f5 Qd5 34. e6 b5
35. exf7+ Qxf7 36. Rc6 Bf6 37. Ree6 Bg7 38. f6 Bh6 39. g5 Bf8 40. Ne5 1-0

[Event "Festival Carnevale d'Europa"]
[Site "Cento ITA"]
[Date "2011.02.06"]
[Round "2"]
[White "Bossoni, Mario"]
[Black "Nanni, Sergio"]
[WhiteElo "1952"]
[BlackElo "1693"]
[Result "1-0"]
[PlyCount "75"]
[EventDate "2011.02.05"]

1. e4 e5 2. Nc3 Nc6 3. g3 Bc5 4. Bg2 Nf6 5. Nge2 a6 6. O-O O-O 7. d3 h6 8. Kh1
Ng4 9. Qe1 Nd4 10. Nxd4 exd4 11. Ne2 d6 12. h3 Ne5 13. f4 Nc6 14. f5 f6 15. Nf4
Re8 16. Qd1 Ne5 17. Qh5 Nf7 18. Ng6 c6 19. Bd2 d5 20. exd5 cxd5 21. Rae1 Bd7
22. Bxd5 Bc6 23. Bxc6 bxc6 24. Nf4 Re5 25. Kh2 Qd7 26. Rxe5 Nxe5 27. Ne6 Bf8
28. Bf4 g6 29. Qe2 Re8 30. Bxe5 fxe5 31. Nxf8 Kxf8 32. fxg6+ Kg8 33. Rf7 Qe6
34. Qh5 Re7 35. Rxe7 Qxe7 36. Qxh6 Qf6 37. Qh7+ Kf8 38. g7+ 1-0

[Event "Festival Carnevale d'Europa"]
[Site "Cento ITA"]
[Date "2011.02.06"]
[Round "2"]
[White "Brunello, Sabino"]
[Black "Caprio, Guido"]
[WhiteElo "2540"]
[BlackElo "2272"]
[Result "0-1"]
[PlyCount "80"]
[EventDate "2011.02.05"]

1. Nf3 Nf6 2. g3 c5 3. Bg2 Nc6 4. O-O e5 5. c4 d5 6. cxd5 Nxd5 7. Na3 Be6 8. d3
Be7 9. Nc4 f6 10. a3 Qd7 11. Bd2 O-O 12. Rc1 Kh8 13. Re1 Rfd8 14. Na5 Nxa5 15.
Bxa5 b6 16. Bd2 a5 17. a4 b5 18. Ra1 Nb6 19. axb5 Qxb5 20. Bc3 a4 21. Nd2 Rac8
22. Bb7 Rc7 23. Be4 c4 24. Qb1 g6 25. Nf3 Bb4 26. d4 f5 27. Bc2 e4 28. Ng5 Bg8
29. Qc1 Ra7 30. f3 exf3 31. exf3 Nd5 32. Qd2 a3 33. Bxb4 Qxb4 34. Qe2 Re7 35.
Qf2 axb2 36. Rab1 Rde8 37. Rxe7 Rxe7 38. g4 Nc3 39. Re1 Rxe1+ 40. Qxe1 b1=Q 0-1

[Event "Festival Carnevale d'Europa"]
[Site "Cento ITA"]
[Date "2011.02.06"]
[Round "2"]
[White "Cardani, Roberto"]
[Black "Pistone, Salvatore"]
[WhiteElo "1947"]
[BlackElo "1685"]
[Result "1-0"]
[PlyCount "75"]
[EventDate "2011.02.05"]

1. e4 c5 2. Nf3 d6 3. d4 cxd4 4. Nxd4 Nf6 5. Nc3 a6 6. Be3 Bd7 7. Qd2 Nc6 8.
O-O-O e6 9. f3 Be7 10. g4 Nxd4 11. Bxd4 O-O 12. h4 Bc6 13. g5 Nh5 14. Rg1 Qc7
15. Be3 Rad8 16. Qf2 Rd7 17. f4 b5 18. Bd3 b4 19. Ne2 Qb7 20. Qf3 g6 21. Nd4
Ng7 22. Nxc6 Qxc6 23. Rh1 Nh5 24. Qg4 d5 25. f5 dxe4 26. Bxe4 Rxd1+ 27. Rxd1
Qc8 28. f6 Bc5 29. Qe2 Ng3 30. Qf3 Nxe4 31. Qxe4 Bxe3+ 32. Qxe3 Qc4 33. b3 Qxh4
34. Qc5 Qf4+ 35. Kb1 Qb8 36. Qc6 Rc8 37. Qh1 Qc7 38. Rd2 1-0

[Event "Festival Carnevale d'Europa"]
[Site "Cento ITA"]
[Date "2011.02.06"]
[Round "2"]
[White "Caruso, Augusto"]
[Black "Naumkin, Igor"]
[WhiteElo "2256"]
[BlackElo "2499"]
[Result "0-1"]
[PlyCount "106"]
[EventDate "2011.02.05"]

1. e4 e6 2. d4 d5 3. e5 c5 4. c3 Nc6 5. Nf3 Qb6 6. Bd3 cxd4 7. cxd4 Bd7 8. O-O
Nxd4 9. Nbd2 Nh6 10. Nxd4 Qxd4 11. Qe2 Qb6 12. Nb3 Be7 13. Bd2 a5 14. Be3 Qc7
15. Qh5 Nf5 16. Bxf5 exf5 17. Rac1 Qd8 18. Nc5 O-O 19. Nxb7 Qb8 20. Nc5 Be6 21.
Nd3 Qb5 22. Rc3 Rfc8 23. Rb3 Qe8 24. Bg5 d4 25. Rb7 Bf8 26. Nf4 Bc4 27. Re1 Qc6
28. Re7 Bxe7 29. Bxe7 Re8 30. Bh4 d3 31. Qxf5 d2 32. Rd1 Bxa2 33. Qd3 Rxe5 34.
Qxd2 Bb3 35. Rc1 Rae8 36. f3 Rc5 37. Rxc5 Qxc5+ 38. Bf2 Qc2 39. Qxc2 Bxc2 40.
Bb6 a4 41. Bc5 Bb3 42. Kf2 Bc4 43. h4 f6 44. Bd4 Kf7 45. h5 g5 46. hxg6+ hxg6
47. g4 Rb8 48. Ng2 Rb3 49. Ne1 Bd5 50. f4 Be4 51. g5 f5 52. Be5 Ke6 53. Ke2 Kd5
0-1

[Event "Festival Carnevale d'Europa"]
[Site "Cento ITA"]
[Date "2011.02.06"]
[Round "2"]
[White "Castelli, Antonio"]
[Black "Litrico, Paolo"]
[WhiteElo "1684"]
[BlackElo "1954"]
[Result "0-1"]
[PlyCount "66"]
[EventDate "2011.02.05"]

1. e4 e5 2. f4 exf4 3. Nf3 g5 4. h4 g4 5. Ne5 d6 6. Nxg4 Nf6 7. Nf2 Rg8 8. d4
Bh6 9. Nc3 Nc6 10. Ne2 Nh5 11. c3 Ng3 12. Nxg3 Rxg3 13. Qh5 Qf6 14. e5 Qe6 15.
Ne4 Rg6 16. Kf2 dxe5 17. d5 Qf5 18. Qxf5 Bxf5 19. dxc6 Bxe4 20. cxb7 Bxb7 21.
Rg1 O-O-O 22. g3 fxg3+ 23. Ke1 Bxc1 24. Rxc1 Bf3 25. Bg2 Bxg2 26. Rxg2 f5 27.
Ke2 f4 28. Kf3 Rd3+ 29. Ke4 Re3+ 30. Kf5 f3 31. Rgg1 f2 32. Rgf1 Re2 33. h5 Rg8
0-1

[Event "Festival Carnevale d'Europa"]
[Site "Cento ITA"]
[Date "2011.02.06"]
[Round "2"]
[White "Cocchi, Andrea"]
[Black "Romanishin, Oleg M."]
[WhiteElo "2281"]
[BlackElo "2534"]
[Result "0-1"]
[PlyCount "76"]
[EventDate "2011.02.05"]

1. Nf3 Nf6 2. g3 d5 3. Bg2 g6 4. O-O Bg7 5. d3 O-O 6. Nbd2 a5 7. c4 Nc6 8. Rb1
dxc4 9. Nxc4 Be6 10. Bd2 Ne4 11. b3 Nxd2 12. Qxd2 Bd5 13. Ne1 a4 14. Bxd5 Qxd5
15. Nf3 axb3 16. Rxb3 Ra7 17. Rc1 Rfa8 18. Rc2 h6 19. Ne3 Qd7 20. Kg2 b6 21. h4
h5 22. Nc4 Ra4 23. Rb1 Nd4 24. Nxd4 Qxd4 25. Rb4 Qd5+ 26. Kh2 R4a7 27. Kg1 Qe6
28. Kg2 b5 29. Ne3 c6 30. Re4 Qd7 31. Qb4 e6 32. Qc5 Rxa2 33. Qxc6 Qxc6 34.
Rxc6 Rxe2 35. Nc2 Rxe4 36. dxe4 Bf8 37. Rb6 Ra2 38. Ne1 Rxf2+ 0-1

[Event "Festival Carnevale d'Europa"]
[Site "Cento ITA"]
[Date "2011.02.06"]
[Round "2"]
[White "Danielian, Elina"]
[Black "Urosevic, Goran"]
[WhiteElo "2454"]
[BlackElo "2228"]
[Result "1-0"]
[PlyCount "47"]
[EventDate "2011.02.05"]

1. d4 Nf6 2. Nf3 g6 3. c4 Bg7 4. g3 d5 5. cxd5 Nxd5 6. Bg2 Nb6 7. O-O O-O 8.
Nc3 Nc6 9. d5 Na5 10. Qc2 c6 11. dxc6 Nxc6 12. Rd1 Bd7 13. a4 a5 14. Bf4 Qc8
15. Rac1 Nb4 16. Qe4 Bc6 17. Qxe7 Re8 18. Qh4 Nd7 19. Nb5 Rxe2 20. Ng5 Nf8 21.
Nd6 Qd8 22. Bf1 Qe7 23. Bxe2 Qxe2 24. Rd2 1-0

[Event "Festival Carnevale d'Europa"]
[Site "Cento ITA"]
[Date "2011.02.06"]
[Round "2"]
[White "David, Alberto"]
[Black "De Santis, Alessio"]
[WhiteElo "2580"]
[BlackElo "2289"]
[Result "1-0"]
[PlyCount "89"]
[EventDate "2011.02.05"]

1. d4 b6 2. Bg5 Bb7 3. c4 h6 4. Bh4 Nf6 5. Bxf6 exf6 6. a3 f5 7. Nc3 g6 8. e3
Bg7 9. Nf3 O-O 10. g3 d6 11. Bg2 Nd7 12. O-O Nf6 13. Nd2 Bxg2 14. Kxg2 a6 15.
Qf3 Ra7 16. Rfd1 Re8 17. a4 Qa8 18. Nd5 Nd7 19. a5 bxa5 20. Nb3 c6 21. Nc3 c5
22. Nxa5 Qxf3+ 23. Kxf3 cxd4 24. exd4 Rc8 25. b4 Nf8 26. Rac1 Ne6 27. d5 Nd8
28. Ne2 Kf8 29. Nd4 Bxd4 30. Rxd4 Nb7 31. Nc6 Raa8 32. Ra1 a5 33. bxa5 Nc5 34.
Rdd1 Ra6 35. Rdb1 Rca8 36. Rb5 Ne6 37. Rab1 Rxc6 38. dxc6 Nd4+ 39. Kg2 Nxc6 40.
Rb6 Nxa5 41. Ra1 Ra7 42. Rb8+ Kg7 43. Rb5 Nc6 44. Rxa7 Nxa7 45. Rb6 1-0

[Event "Festival Carnevale d'Europa"]
[Site "Cento ITA"]
[Date "2011.02.06"]
[Round "2"]
[White "Delchev, Aleksander"]
[Black "Bentivegna, Francesco"]
[WhiteElo "2629"]
[BlackElo "2348"]
[Result "1-0"]
[PlyCount "93"]
[EventDate "2011.02.05"]

1. Nf3 c5 2. c4 Nc6 3. d4 cxd4 4. Nxd4 e5 5. Nb5 a6 6. Nd6+ Bxd6 7. Qxd6 Qf6 8.
Qd2 Nge7 9. Nc3 O-O 10. b3 b5 11. e4 Nd4 12. Bd3 Qg6 13. f3 d6 14. O-O f5 15.
Qg5 Nec6 16. Qxg6 hxg6 17. Nd5 Rb8 18. cxb5 axb5 19. Ba3 b4 20. Bb2 Be6 21. Nc7
Bf7 22. Rfc1 Rfc8 23. Na6 Rb6 24. Bxd4 exd4 25. exf5 gxf5 26. Bxf5 Re8 27. Nc7
Re7 28. Na8 Ra6 29. Be4 Be8 30. Rc4 Rxe4 31. Nc7 Ra7 32. Nxe8 Rxe8 33. Rxc6 Re2
34. Rxd6 Rd2 35. h4 Rc7 36. Re1 Rcc2 37. Rg6 Kf7 38. Rg4 Rxa2 39. Rf4+ Kg8 40.
Re8+ Kh7 41. Rg4 d3 42. Re7 Rxg2+ 43. Rxg2 d2 44. Rexg7+ Kh8 45. Rg8+ Kh7 46.
Rd8 Ra1+ 47. Kf2 1-0

[Event "Festival Carnevale d'Europa"]
[Site "Cento ITA"]
[Date "2011.02.06"]
[Round "2"]
[White "Denozza, Mauro"]
[Black "Gaspari, Mauro"]
[WhiteElo "1672"]
[BlackElo "1951"]
[Result "0-1"]
[PlyCount "70"]
[EventDate "2011.02.05"]

1. d4 Nf6 2. Nf3 g6 3. Nbd2 Bg7 4. e4 d6 5. Bd3 O-O 6. O-O c5 7. c3 Qc7 8. Qc2
Nbd7 9. Re1 e5 10. dxe5 dxe5 11. b4 b6 12. Bb2 Bb7 13. a4 Rac8 14. b5 Nh5 15.
Bc4 Qd6 16. Rad1 Qe7 17. Bd5 Bxd5 18. exd5 f5 19. c4 h6 20. Nb3 Qd6 21. a5 Rfe8
22. axb6 axb6 23. Ra1 Ra8 24. Ra6 Rxa6 25. bxa6 Ra8 26. Ra1 Ra7 27. Nbd2 e4 28.
Bxg7 Nxg7 29. Ne1 Nb8 30. Qb3 Rxa6 31. Rxa6 Nxa6 32. Qb5 Nb4 33. Nb1 Qf6 34.
Qa4 Qd4 35. Na3 Nd3 0-1

[Event "Festival Carnevale d'Europa"]
[Site "Cento ITA"]
[Date "2011.02.06"]
[Round "2"]
[White "Fierro Baquero, Martha Lorena"]
[Black "Korneev, Oleg"]
[WhiteElo "2363"]
[BlackElo "2576"]
[Result "1/2-1/2"]
[PlyCount "34"]
[EventDate "2011.02.05"]

1. e4 e5 2. Nf3 Nc6 3. Nc3 Nf6 4. Bb5 Nd4 5. Nxd4 exd4 6. e5 dxc3 7. exf6 Qxf6
8. dxc3 Qe5+ 9. Qe2 Qxe2+ 10. Bxe2 d5 11. Bf4 c6 12. O-O Be6 13. Rfe1 O-O-O 14.
Rad1 Bc5 15. Be5 f6 16. Bd4 Bxd4 17. cxd4 Bf5 1/2-1/2

[Event "Festival Carnevale d'Europa"]
[Site "Cento ITA"]
[Date "2011.02.06"]
[Round "2"]
[White "Govoni, Fausto"]
[Black "Bruno, Fabio"]
[WhiteElo "2203"]
[BlackElo "2436"]
[Result "0-1"]
[PlyCount "80"]
[EventDate "2011.02.05"]

1. e4 c5 2. Nc3 e6 3. f4 a6 4. a4 Nc6 5. Nf3 Nf6 6. e5 Ng4 7. Bc4 d5 8. Be2 Nh6
9. O-O Be7 10. Kh1 b6 11. b3 Bb7 12. Bb2 Nf5 13. Bd3 g6 14. Qe2 h5 15. Rae1 h4
16. Bxf5 gxf5 17. d4 Nxd4 18. Nxd4 cxd4 19. Na2 d3 20. Qxd3 h3 21. Bd4 hxg2+
22. Kxg2 Bc5 23. c3 Kd7 24. Re3 Qh4 25. h3 Rag8+ 26. Kh2 Rg4 27. Ref3 Rhg8 28.
R1f2 Rg1 29. b4 Qh5 30. Rg3 R1xg3 31. Qxg3 Rxg3 32. Kxg3 Bxd4 33. cxd4 Qd1 34.
h4 Qg1+ 35. Rg2 Qe3+ 36. Kh2 Qxf4+ 37. Kh3 Qxd4 38. h5 Qxe5 39. b5 a5 40. Rg8
d4 0-1

[Event "Festival Carnevale d'Europa"]
[Site "Cento ITA"]
[Date "2011.02.06"]
[Round "2"]
[White "Guidi, Marco"]
[Black "Astengo, Corrado"]
[WhiteElo "1867"]
[BlackElo "2146"]
[Result "1/2-1/2"]
[PlyCount "42"]
[EventDate "2011.02.05"]

1. e4 c5 2. Nf3 e6 3. c3 d5 4. exd5 Qxd5 5. d4 Nc6 6. Be3 cxd4 7. Nxd4 Nf6 8.
Nd2 Bd7 9. Qf3 Qxf3 10. N2xf3 Nd5 11. Bd2 Nxd4 12. Nxd4 Bc5 13. Nc2 Bc6 14. f3
a6 15. Bd3 O-O 16. O-O-O Rfd8 17. Be4 Ne7 18. Bxc6 Nxc6 19. Be3 Bxe3+ 20. Nxe3
Ne5 21. Kc2 Kf8 1/2-1/2

[Event "Festival Carnevale d'Europa"]
[Site "Cento ITA"]
[Date "2011.02.06"]
[Round "2"]
[White "La Bella, Roberto"]
[Black "Cavatorta, Fosco"]
[WhiteElo "2138"]
[BlackElo "1917"]
[Result "1-0"]
[PlyCount "75"]
[EventDate "2011.02.05"]

1. e4 e6 2. d4 d5 3. Nc3 Nc6 4. e5 Nge7 5. Nf3 Nf5 6. Be2 Be7 7. O-O O-O 8. Kh1
Na5 9. a3 b6 10. Bd3 Rb8 11. Ne2 c5 12. c3 Nc6 13. Qc2 c4 14. Bxf5 exf5 15. Ng3
g6 16. Bh6 Re8 17. Rae1 b5 18. Qd2 a5 19. Qf4 Kh8 20. Ng5 Be6 21. Qh4 Rg8 22.
f4 b4 23. Qh3 Bxg5 24. Bxg5 Qf8 25. Bf6+ Rg7 26. Rf3 Kg8 27. Qh4 bxc3 28. bxc3
Rb3 29. Nh5 Nxd4 30. Bxg7 Qxg7 31. Nxg7 Nxf3 32. gxf3 Kxg7 33. Qf6+ Kh6 34.
Qg5+ Kg7 35. Qf6+ Kh6 36. Qd8 Rxc3 37. Rg1 Rxf3 38. Qf8+ 1-0

[Event "Festival Carnevale d'Europa"]
[Site "Cento ITA"]
[Date "2011.02.06"]
[Round "2"]
[White "Leon Hoyos, Manuel"]
[Black "Gromovs, Sergejs"]
[WhiteElo "2565"]
[BlackElo "2284"]
[Result "1-0"]
[PlyCount "85"]
[EventDate "2011.02.05"]

1. c4 e5 2. g3 f5 3. Nc3 Nf6 4. Nf3 d6 5. d4 e4 6. Nh4 Be7 7. Bh3 g6 8. Bg5 Be6
9. O-O Nbd7 10. b3 c5 11. dxc5 Nxc5 12. Qd2 O-O 13. Rad1 a5 14. Nb5 Ra6 15. Ng2
a4 16. Nd4 axb3 17. axb3 Bc8 18. Nf4 Rb6 19. Rb1 Rf7 20. b4 Na4 21. b5 Nc5 22.
Bxf6 Bxf6 23. Nd5 Be6 24. Nxe6 Nxe6 25. e3 Nc5 26. Rfd1 Nd7 27. Nxb6 Nxb6 28.
c5 Na4 29. Bf1 Kg7 30. Qxd6 Qxd6 31. Rxd6 Nxc5 32. b6 Be7 33. Rd5 Rf6 34. Rc1
Rxb6 35. Rdxc5 Bxc5 36. Rxc5 Kf6 37. h4 h6 38. Bb5 Ke6 39. Bc4+ Kf6 40. Bd5 g5
41. hxg5+ hxg5 42. g4 Rb1+ 43. Kg2 1-0

[Event "Festival Carnevale d'Europa"]
[Site "Cento ITA"]
[Date "2011.02.06"]
[Round "2"]
[White "Madani, Kamran"]
[Black "Dvirnyy, Danyyil"]
[WhiteElo "2242"]
[BlackElo "2480"]
[Result "0-1"]
[PlyCount "80"]
[EventDate "2011.02.05"]

1. e4 e6 2. d4 d5 3. e5 c5 4. c3 Nc6 5. Be3 Qb6 6. Qd2 Nh6 7. Nf3 Nf5 8. Bd3
Nxe3 9. fxe3 g6 10. O-O Bg7 11. Kh1 O-O 12. Na3 Bd7 13. Nc2 a5 14. b3 Qc7 15.
e4 b5 16. exd5 exd5 17. Qg5 Qd8 18. Qg3 c4 19. bxc4 bxc4 20. Be2 Bh6 21. h4 Ne7
22. Qf2 f6 23. Ne3 Rb8 24. Rab1 Rb6 25. Qg1 Rxb1 26. Rxb1 fxe5 27. dxe5 Nf5 28.
Nxf5 Bxf5 29. Rd1 Be4 30. Qe1 Rf4 31. Kg1 Rg4 32. Qf2 Bf4 33. e6 Qe7 34. Qb6
Bd6 35. Kf1 Rf4 36. Qc6 Qxe6 37. Qa8+ Rf8 38. Qxa5 Bg3 39. Kg1 Bxf3 40. Bxf3
Rxf3 0-1

[Event "Festival Carnevale d'Europa"]
[Site "Cento ITA"]
[Date "2011.02.06"]
[Round "2"]
[White "Malloni, Marcello"]
[Black "Godena, Michele"]
[WhiteElo "2285"]
[BlackElo "2541"]
[Result "0-1"]
[PlyCount "92"]
[EventDate "2011.02.05"]

1. e4 e5 2. Bc4 Nf6 3. d3 c6 4. Nf3 Be7 5. O-O d6 6. a4 O-O 7. Ba2 Nbd7 8. h3
Nc5 9. Nc3 a5 10. Re1 Be6 11. Be3 Bxa2 12. Rxa2 Ne6 13. Ra1 Re8 14. Ne2 Bf8 15.
Ng3 Qc7 16. Ng5 d5 17. Nh5 Nd7 18. Qf3 Nxg5 19. Bxg5 Qd6 20. Rad1 h6 21. Bc1 g6
22. Ng3 Bg7 23. b3 Nf8 24. Nf1 Ne6 25. Bb2 Rad8 26. Ne3 h5 27. h4 Qc5 28. Rc1
Nd4 29. Qg3 Bh6 30. exd5 cxd5 31. c4 Bf4 32. Qh3 Nxb3 33. Rcd1 Bxe3 34. Qxe3
Qxe3 35. fxe3 dxc4 36. dxc4 Nd2 37. c5 Nc4 38. Bc3 Rxd1 39. Rxd1 Rc8 40. Rd5 f6
41. Kf2 b6 42. cxb6 Nxb6 43. Rb5 Nxa4 44. Bxa5 Rc4 45. g3 Nc5 46. Kf3 Kf7 0-1

[Event "Festival Carnevale d'Europa"]
[Site "Cento ITA"]
[Date "2011.02.06"]
[Round "2"]
[White "Mogranzini, Roberto"]
[Black "De Florio, Federico"]
[WhiteElo "2425"]
[BlackElo "2196"]
[Result "1/2-1/2"]
[PlyCount "89"]
[EventDate "2011.02.05"]

1. e4 c6 2. Ne2 d5 3. e5 g6 4. d4 Bg7 5. Nf4 f6 6. exf6 Nxf6 7. Bd3 Qd6 8. O-O
O-O 9. h3 Nbd7 10. c4 e5 11. dxe5 Nxe5 12. cxd5 Nxd3 13. Qxd3 Nxd5 14. Nxd5
Qxd5 15. Qa3 c5 16. Nc3 Qc6 17. Be3 b6 18. Rad1 Bb7 19. f3 Rae8 20. Bf2 Kh8 21.
Rfe1 Rxe1+ 22. Rxe1 a6 23. Qb3 b5 24. Ne4 c4 25. Qb4 Re8 26. Rd1 Qc7 27. Nd6
Qd7 28. Rd2 Qe7 29. Qc5 Rf8 30. Nxb7 Qxb7 31. Bd4 Re8 32. Bxg7+ Qxg7 33. f4 Qe7
34. Qd4+ Qg7 35. Qf2 Qe7 36. Qd4+ Qg7 37. Qb6 Qf7 38. Rf2 Re1+ 39. Kh2 Re6 40.
Qb8+ Re8 41. Qd6 Re6 42. Qd5 Qf6 43. a4 Rd6 44. Qa8+ Rd8 45. Qe4 1/2-1/2